Deklarasi "Indonesia keluar dari P. B. B." (Record no. 66616)

MARC details
000 -LEADER
fixed length control field 00705cam a22002411 4500
001 - CONTROL NUMBER
control field sa 65010200
003 - CONTROL NUMBER IDENTIFIER
control field DLC
005 - DATE AND TIME OF LATEST TRANSACTION
control field 20260227112207.0
008 - FIXED-LENGTH DATA ELEMENTS--GENERAL INFORMATION
fixed length control field 890803s1965 io 000 0 ind
010 ## - LIBRARY OF CONGRESS CONTROL NUMBER
LC control number sa 65010200
035 ## - SYSTEM CONTROL NUMBER
System control number (OCoLC)23570763
040 ## - CATALOGING SOURCE
Original cataloging agency DLC
Transcribing agency MiU
Modifying agency DLC
042 ## - AUTHENTICATION CODE
Authentication code premarc
050 00 - LIBRARY OF CONGRESS CALL NUMBER
Classification number JX1977.2.I5
Item number A53
110 1# - MAIN ENTRY--CORPORATE NAME
Corporate name or jurisdiction name as entry element Indonesia.
Subordinate unit Dewan Pertimbangan Agung.
245 10 - TITLE STATEMENT
Title Deklarasi "Indonesia keluar dari P. B. B."
260 ## - PUBLICATION, DISTRIBUTION, ETC.
Place of publication, distribution, etc. [Djakarta]
Name of publisher, distributor, etc. Departemen Penerangan
Date of publication, distribution, etc. [1965]
300 ## - PHYSICAL DESCRIPTION
Extent 9 p.
Dimensions 21 cm.
500 ## - GENERAL NOTE
General note "Penerbitan chusus, 359."
610 20 - SUBJECT ADDED ENTRY--CORPORATE NAME
Corporate name or jurisdiction name as entry element United Nations
Geographic subdivision Indonesia.
651 #0 - SUBJECT ADDED ENTRY--GEOGRAPHIC NAME
Geographic name Indonesia
General subdivision Politics and government
Chronological subdivision 1950-1966.
710 2# - ADDED ENTRY--CORPORATE NAME
Corporate name or jurisdiction name as entry element United Nations

No items available.

Powered by Koha